000 00677nam a2200217 4500
001 117214
003 ES-MaACL
005 20230906190841.0
007 t|
008 070301s1968 sp r ||||1| gao d
100 1 _aPaz-Andrade, Valentín.
_989764
245 1 0 _aSementeira do vento /
_cValentín Paz-Andrade ; ilustraciones de Laxeiro ; carta-prefacio de Guillermo de Almeida.
260 _aVigo :
_bGalaxia,
_c1968.
300 _a126 p. :
_bil. ;
_c18 cm.
490 1 _aSalnes ;
_v26
700 1 _aLaxeiro.
_970760
700 1 _aAlmeida, Guillermo de.
_920112
830 0 _aSalnes ;
_v26
_9232294
852 _aES-MaACL
_jC-51808
_bR.67222
999 _c117214
_d117214